| 000 | 00000nam##2200000za#4500 |
| 001 | 9.624907 |
| 003 | CaOODSP |
| 005 | 20240212134142 |
| 007 | ta |
| 008 | 150406|1998||||xxc||||| f|0| 0 fre|d |
| 020 | |a0-662-83294-9 |
| 022 | |a1713-0646 |
| 040 | |aCaOODSP|bfre |
| 043 | |an-cn--- |
| 086 | 1 |aNE22-1/1998-8F |
| 110 | 1 |aCanada. |bOffice national de l'énergie. |
| 245 | 10|aRelativement à Maritimes & Northeast Pipeline Management Ltd. : |bdemande datée du 24 février 1998 en vue de l'approbation des plan, profil et livre de renvoi ayant trait au tracé détaillé du gazoduc à construire de Goldboro (N.-É.) à St. Stephen (N.-B.) |
| 260 | |aCalgary - Alberta : |bOffice national de l'énergie |c1998. |
| 300 | |a69p. : |bfigure, tableaux ; |c28 cm. |
| 490 | 1 |aMotifs de décision|x1713-0646 |
| 563 | |aCouverture souple |
| 590 | |a99-01|b1999-01-08 |
| 775 | 08|tIn the matter of Maritimes & Northeast Pipeline Management Ltd. : |w(CaOODSP)9.614617 |
| 776 | 0#|tMotifs de décision relativement à Maritimes & Northeast Pipeline Management Ltd. : |w(CaOODSP)9.602894 |
| 830 | #0|aMotifs de décision (Canada. Office national de l'énergie)|x1713-0646|w(CaOODSP)9.513162 |
| 986 | |aMH-3-98 |